DOS job control makrók
Elmentve itt :
| Szerző: | |
|---|---|
| További közreműködők: | |
| Dokumentumtípus: | Szakdolgozat |
| Megjelent: |
1977
|
| Tárgyszavak: | |
| Online Access: | http://diploma.bibl.u-szeged.hu/3706 |
| LEADER | 00510nta a2200157 i 4500 | ||
|---|---|---|---|
| 001 | dipl3706 | ||
| 005 | 20130314073012.0 | ||
| 008 | 101013s1977 hu om 0|| hun d | ||
| 040 | |a SZTE Diploma Repozitórium |b hun | ||
| 041 | |a hun | ||
| 100 | 1 | |a Gyöke Gábor | |
| 245 | 1 | 0 | |a DOS job control makrók |h [elektronikus dokumentum] / |c Gábor Gyöke |
| 260 | |c 1977 | ||
| 650 | 4 | |a Informatika | |
| 700 | 1 | |a Diamant Tibor |e ths | |
| 856 | 4 | 0 | |u http://diploma.bibl.u-szeged.hu/id/eprint/3706/1/1977_gyoke_gabor_77_407.pdf |z Dokumentum-elérés |